AYRILIK SEVDAYA DAHİL (Record no. 645850)
[ view plain ]
| 000 -LEADER | |
|---|---|
| sabit uzunluktaki kontrol alanı | 00262nam a2200097Ia 4500 |
| 001 - KONTROL NUMARASI | |
| kontrol alanı | 645850 |
| 005 - EN SON İŞLEMİN TARİH VE ZAMANI | |
| kontrol alanı | 20250826153631.0 |
| 008 - SABİT-UZUNLUKTA VERİ ÖĞELERİ--GENEL BİLGİ | |
| sabit uzunluktaki kontrol alanı | 250824s9999 xx 000 0 und d |
| 245 #0 - ESER / YAZAR | |
| ESER ADI | AYRILIK SEVDAYA DAHİL |
| Yazar Adı | ATTİLA İLHAN |
| 260 ## - YAYIN, DAĞITIM, VB. | |
| YAYIN EVİ | TÜRKİYE İŞ BANKASI YAYINLARI |
| Düşüm durumu | Kayıp durumu | Hasar Durumu | Ödünç verilmez | Ana kütüphane | Geçerli Kütüphane | Edinilen tarih | Toplam ödünç verme sayısı | Barkod | Son görüntüleme tarihi | Son ödünç verme tarihi | Fiyatın geçerli olmaya başladığı tarih | Koha materyal türü |
|---|---|---|---|---|---|---|---|---|---|---|---|---|
| MUSTAFA BÜYÜKKAPLAN İMAM HATİP ORTAOKULU (ERKEK) | MUSTAFA BÜYÜKKAPLAN İMAM HATİP ORTAOKULU (ERKEK) | 24.08.2025 | 1 | 1005910 | 07.04.2026 | 27.03.2026 | 26.08.2025 | Books |